Sports Quiz

Random Sports or NFL Quiz

Who has caught Tom Brady's Super Bowl TD passes? Quiz Stats

 Plays Quiz not verified by Sporcle

Challenge
Share
Tweet
Embed
Score 0/18 Timer 04:00
0 Plays Today
Year Player % Correct
2017Rob Gronkowski
100%
2017Rob Gronkowski
100%
2014Rob Gronkowski
99.4%
2016James White
96.3%
2016Danny Amendola
96.3%
2007Randy Moss
96%
2014Julian Edelman
96%
2014Danny Amendola
87.9%
2003Deion Branch
87.3%
Year Player % Correct
2011Aaron Hernandez
83.8%
2017Chris Hogan
78.9%
2003Mike Vrabel
69.4%
2004Mike Vrabel
69.4%
2014Brandon LaFell
68.8%
2003David Givens
65.3%
2004David Givens
65.3%
2001David Patten
63.6%
2011Danny Woodhead
50.9%

You're not logged in!

Compare scores with friends on all Sporcle quizzes.
OR
Log In

You Might Also Like...

Show Comments

Extras

Top Quizzes Today


Score Distribution

Your Account Isn't Verified!

In order to create a playlist on Sporcle, you need to verify the email address you used during registration. Go to your Sporcle Settings to finish the process.

Report this User

Report this user for behavior that violates our Community Guidelines.

Details: